Provinces of Fiji with a Map - Statistics

General Stats
  • This quiz has been taken 505 times
  • The average score is 8 of 15
Answers on the Map
Answers color-coded by a green-red scale on the quiz's map according to % correct below.
 
Answer Stats
Provinces % Correct
Ba
78%
Ra
78%
Rotuma
67%
Lau
65%
Bua
60%
Rewa
53%
Cakaudrove
52%
Serua
51%
Kadavu
49%
Nadroga-Navosa
48%
Naitasiri
46%
Tailevu
46%
Macuata
44%
Lomaiviti
42%
Namosi
40%
No matching quizzes found
Score Distribution
Percent of People with Each Score
Percentile by Number Answered
Your Score History
You have not taken this quiz